[Event "TV2 Chess International"]
[Site "Fagernes"]
[Date "2015.12.27"]
[Round "9"]
[White "Mihajlov, Sebastian"]
[Black "Machlik, Edit"]
[Result "1-0"]
[WhiteElo "2335"]
[BlackElo "2034"]
[PlyCount "61"]
[EventDate "2015.??.??"]

1. d4 Nf6 2. c4 e6 3. Nf3 Bb4+ 4. Nbd2 d6 5. e3 c5 6. Bd3 O-O 7. O-O Ba5 8.
dxc5 dxc5 9. Nb3 Bb6 10. e4 Nfd7 11. e5 h6 12. Qe2 Re8 13. Qe4 Nf8 14. Be3 Qe7
15. Qg4 Kh8 16. Nbd2 Bc7 17. Ne4 Nbd7 18. Qh5 Kg8 19. Bxh6 g6 20. Qh3 Nh7 21.
Nfg5 Ndf8 22. Bxf8 Nxf8 23. Nf6+ Kg7 24. Nxe8+ Qxe8 25. Rae1 Bd8 26. Ne4 Be7
27. Qf3 Nd7 28. Nd6 Bxd6 29. exd6 Qf8 30. Qg3 b6 31. Rxe6 1-0